Noise and vibration control for industrialists / (Record no. 548369)

000 -LEADER
fixed length control field 00811nam a2200205 i 4500
020 ## - INTERNATIONAL STANDARD BOOK NUMBER
International Standard Book Number 0236177044 :
082 00 - DEWEY DECIMAL CLASSIFICATION NUMBER
Classification number 658.28
Author Mark NOI
-- L-38, P-91
245 00 - TITLE STATEMENT
Title Noise and vibration control for industrialists /
Statement of responsibility, etc. edited by S. A. Petrusewicz and D. K. Longmore.
260 ## - PUBLICATION, DISTRIBUTION, ETC.
Place of publication, distribution, etc. London :
Name of publisher, distributor, etc. Elek,
Date of publication, distribution, etc. 1974.
300 ## - PHYSICAL DESCRIPTION
Extent xiii, 284 p. :
Other physical details ill. ;
Dimensions 23 cm.
500 ## - GENERAL NOTE
General note "This book has grown out of papers presented at a Conference on Noise and Vibration Control for Industrialists held at the University of Bath, in April, 1972."
500 ## - GENERAL NOTE
General note Includes index.
526 ## - STUDY PROGRAM INFORMATION NOTE
Program name 0
Interest level 0
Reading level 0
Title point value 658_280000000000000_NOI
650 #0 - SUBJECT ADDED ENTRY--TOPICAL TERM
Topical term or geographic name entry element MCE
9 (RLIN) 379
650 #0 - SUBJECT ADDED ENTRY--TOPICAL TERM
Topical term or geographic name entry element Noise control
General subdivision Congresses.
9 (RLIN) 44636
650 #0 - SUBJECT ADDED ENTRY--TOPICAL TERM
Topical term or geographic name entry element Vibration
General subdivision Congresses.
9 (RLIN) 44637
700 1# - ADDED ENTRY--PERSONAL NAME
Personal name Longmore, D. K.,
9 (RLIN) 44638
700 1# - ADDED ENTRY--PERSONAL NAME
Personal name Petrusewicz, S. A.,
9 (RLIN) 44639
942 ## - ADDED ENTRY ELEMENTS (KOHA)
Source of classification or shelving scheme
Koha item type Book
Holdings
Withdrawn status Lost status Source of classification or shelving scheme Damaged status Not for loan Permanent Location Current Location Date acquired Total Checkouts Full call number Barcode Date last seen Price effective from Koha item type
          Military College of Engineering (MCE) Military College of Engineering (MCE) 08/27/2014   658.28 NOI MCE-29715 08/27/2014 08/27/2014 Book
© 2023 Central Library, National University of Sciences and Technology. All Rights Reserved.